| 000 | 00357nam a2200145Ia 4500 | ||
|---|---|---|---|
| 008 | 230917s9999||||xx |||||||||||||| ||und|| | ||
| 040 |
_e107717 _aMAIN |
||
| 041 | _aEnglish | ||
| 082 | _a658.3 R18R | ||
| 100 | _aRao, T V | ||
| 245 | 0 | _aReading in human resource development | |
| 260 |
_aNew Delhi _bOxford & IBH _c2004 |
||
| 300 | _a435 p. | ||
| 942 | _cBK | ||
| 999 |
_c120499 _d120499 |
||